000 00449nam a2200169 a 4500
001 53756
005 20180714044156.0
008 140415s1983 mx 000 0 spa d
041 _aspa
082 _a330.972
_bCEN
245 0 0 _aECONOMIA MEXICANA :
_bANALISIS Y PERSPECTIVAS
250 _a1a ed.
260 _aMEXICO :
_bCIDE,
_c1983
300 _a276
490 _aDEPARTAMENTO DE ECONOMIA
_v3
650 1 4 _aECONOMIA
_xMEXICO 1983
999 _c53756
_d53756